Astrology Trivia #2 - Medium - Statistics

General Stats
  • This quiz has been taken 609 times
  • The average score is 11 of 20
Answer Stats
Question Answer % Correct
2 How many houses are there? 12
98%
8 What planet is known as the planet of love? Venus
91%
1 Which astrological sign starts the summer solstice? Cancer
86%
3 Which sign is ruled by Neptune? (in modern astrology) Pisces
78%
5 Which zodiac sign is known for being unique, intelligent, and rebellious? Aquarius
77%
6 What is opposite of the ascendant? The descendent
73%
10 What is it called when a planet appears to go backwards? Retrograde
68%
11 What is it called when you are born close to the border of two signs and you take traits from both? Cusp
60%
12 Which sign rules the 9th house? Sagittarius
59%
4 Which elements are known as the 'feminine' elements? Earth and Water
58%
9 Gemini and Sagittarius are... Opposites
57%
14 Taurus, Leo, Scorpio, and Aquarius are all... Fixed signs
55%
7 Virgo is which quality/modality? Mutable
54%
17 Which planet's symbol/glyph looks like the symbol for male? Mars
48%
16 Midheaven is another name for which house? The 10th house
48%
19 If two planets are squared, approximately how many degrees apart are they? 90 degrees
47%
13 Which two planets rule over multiple signs? (in modern astrology) Mercury and Venus
27%
15 Which new three planets are part of modern astrology? (in order) Uranus, Neptune, and Pluto
22%
18 Which constellation is mistaken as 'the new 13th sign'? Ophiuchus
19%
20 Which people 'perfected' astrology? The Ancient Babylonians
7%
No matching quizzes found
Score Distribution
Percent of People with Each Score
Percentile by Number Answered
Your Score History
You have not taken this quiz